Strictly ballroom dancing. Vol. 2 : (Record no. 109202)
[ view plain ]
| 000 -LEADER | |
|---|---|
| fixed length control field | 00903nam a2200145 a 4500 |
| 005 - DATE AND TIME OF LATEST TRANSACTION | |
| control field | 20140414093839.0 |
| 008 - FIXED-LENGTH DATA ELEMENTS--GENERAL INFORMATION | |
| fixed length control field | 050820s19uu xx 00 eng d |
| 050 ## - LIBRARY OF CONGRESS CALL NUMBER | |
| Classification number | CD 793 |
| Item number | Los 1997 |
| 245 ## - TITLE STATEMENT | |
| Title | Strictly ballroom dancing. Vol. 2 : |
| Remainder of title | non-stop cha cha. |
| 260 ## - PUBLICATION, DISTRIBUTION, ETC. (IMPRINT) | |
| Name of publisher, distributor, etc | A Plum Music Production/Alpha Records Corp, |
| Date of publication, distribution, etc | c1997. |
| 520 ## - SUMMARY, ETC. | |
| Summary, etc | [1.] Magic carpet ride. -- [2]. Tic Tic Tac. -- [3]. Oye Como Va. -- [4]. Chiquita Bonita. -- [5]. Carmelita. -- [6]. Oh Carol. -- [7]. Beautiful Sunday. -- [8]. Pepito. -- [9]. Knock three times. -- [10]. Candida. -- [11]. Sweet and gentle. -- [12]. Jamaica farewell. -- [13]. Once on a Sunday morning. -- [14]. I write your name through the fire. -- [15]. South of the border. -- [16]. Devil woman. -- [17]. Santa Monica. -- [18]. Papa loves mama. -- [19]. Dancing in the sun. -- [20]. Evil ways. |
| 650 ## - SUBJECT ADDED ENTRY--TOPICAL TERM | |
| Topical term or geographic name as entry element | Ballroom dancing. |
| 942 ## - ADDED ENTRY ELEMENTS (KOHA) | |
| Koha item type | Audio Visual Materials |
| Withdrawn status | Lost status | Damaged status | Home library | Current library | Shelving location | Date acquired | Source of acquisition | Total Checkouts | Full call number | Barcode | Date last seen | Price effective from | Koha item type |
|---|---|---|---|---|---|---|---|---|---|---|---|---|---|
| Luxembourg Library | Luxembourg Library | Audio Visual Material Section | 08/20/2005 | CD 793 Los 1997 | AV0830 | 04/14/2014 | 04/14/2014 | Audio Visual Materials |